| 000 | 00509 a2200193 4500 | ||
|---|---|---|---|
| 001 | 130749 | ||
| 020 | _a85-02-01992-9 | ||
| 040 | _cLeonardo Da Vinci | ||
| 041 | _aPortuguês | ||
| 082 |
_a342.07 F443c _bF443c |
||
| 100 | _aFERREIRA, Pinto | ||
| 245 | _aCódigo eleitoral comentado | ||
| 250 | _a5.ed | ||
| 260 |
_bSaraiva _c1998 _aSão Paulo |
||
| 300 | _a532 | ||
| 362 | _a19980000 | ||
| 697 |
_aDireito _aDireito Eleitoral _aLegislação _aLeis _aEleição _aComentários _aBrasil _aFIPEN |
||
| 942 | _cBK | ||
| 999 |
_c130749 _d130749 |
||